| 000 | 00766cab a2200217 4500 | ||
|---|---|---|---|
| 001 | ABS51483 | ||
| 008 | 090401t1994 xxu||||| |||| 00| 0 eng d | ||
| 035 | _a(Sirsi) u29690 | ||
| 041 | _aeng | ||
| 100 | _aMiller, F. | ||
| 245 | 2 | _aA reason why arbitrators should get "Cross" | |
| 260 | _c1994 | ||
| 350 | _a0 | ||
| 490 |
_aNew Law Journal _v144(6666) 7 October 1994, 1381-1382(2) |
||
| 520 | _aDebates the role of the rules of evidence in arbitration and therefore the importance of the standard legal reference book, "Cross on evidence". | ||
| 650 | _aADMISSIBILITY | ||
| 650 | _aRULES OF EVIDENCE | ||
| 690 | _aMANAGEMENT-DISPUTE AVOIDANCE, MANAGEMENT AND RESOLUTION-DISPUTE MANAGEMENT AND RESOLUTION-ARBITRATION | ||
| 942 | _n0 | ||
| 948 | _c04/03/1997 | ||
| 999 |
_c19970 _d19970 |
||